Cartilla laboral y seguridad social 2017

Detalles Bibliográficos
Autor principal: Chavarro Cadena, Jorge Enrique
Otros Autores: Cortes Guzman, Guillermo
Formato: eBook
Lenguaje:español
Publicado: Bogot:̀ Editorial Nueva Legislacin̤, 2017
Materias:
Acceso en línea:Acceso restringido

MARC

LEADER 00000nam a22000007a 4500
005 20170902221748.0
007 cr|||| |||
008 170902s2017 co |||||s|||| 00||0 spa d
020 |a 978-958-56087-1-9 
035 |a 20493 
040 |a vLex 
090 |c 6892  |d 6892 
100 1 |a Chavarro Cadena, Jorge Enrique 
245 1 0 |a Cartilla laboral y seguridad social 2017  |h [Recurso electrn̤ico] /  |c Jorge Enrique Chavarro Cadena, Guillermo Cortes Guzman 
256 |a Servicio en ln̕ea 
260 |a Bogot:̀  |b Editorial Nueva Legislacin̤,  |c 2017 
300 |a 1 recurso electrn̤ico 
506 1 |a Disponible solo en los productos indicados  |d vLex Global  |d vLex Global (Academic Edition, excluding Law Schools)  |d vLex Global (U.S. Academic Edition, Law Schools)  |d vLex Global (U.S. Academic Edition, excluding Law Schools)  |d vLex Global (Academic Edition, Law Schools) 
650 0 4 |a Derecho Laboral y Seguridad Social  |z Colombia 
700 1 |a Cortes Guzman, Guillermo  
740 0 |a vLex Libros (Servicio en ln̕ea) 
856 4 0 |u http://vlex.com/source/cartilla-laboral-y-seguridad-social-2017-20493  |z Acceso restringido 
942 |c BOOK 
999 0 |a Labor law and social security